Регионална библиотека "Любен Каравелов" - Русе

Бясното куче (Запис номер 27650)

MARC детайли
000 -Лидер
Контролно поле с фиксирана дължина 01375nam a2200349 c 4500
003 - Код на организацията, давaща контролен номер
Контролно поле BLK
005 - Дата и час на последна редакция
Контролно поле 20180422095728.0
008 - Елементи от данни с фиксирана дължина
fixed length control field 180413b bul|||||r ||||||| ||bul||
010 ## - Наследен системен номер
LC control number KNG00030234000
020 ## - Международен стандартен номер на книга ISBN
Международен стандартен номер на книга ISBN 954-459-687-9
-- издат.: Хермес
040 ## - Източник на каталожния запис
Идентификатор на билиотеката - собственик на записа BLK
041 ## - Код за език
Код за езика на текст/звукозапис или на отделно заглавие Български
Код за езика КДБФ Български
080 ## - УДК
Текстов определител УДК Американска литература (на САЩ)
УДК код - определител по УДК 821.111(73)
УДК определител -312.9
УДК - код + определител 821.111(73)-312.9
100 1# - Редна дума - Автор
Автор Саймънс, Джейми
Авторска отговорност първи автор
R(LIN) 267761
139 ## - Редно поле
Редна дума Саймънс, Джейми и др.
Авторски знак Сав - С 13
245 10 - Сведения за заглавието
Заглавие Бясното куче
Редно поле (дума) Джейми Саймънс; съавт. Е. У. Сколън; прев. от англ. Иван Атанасов.
257 ## - Страна на издаване
Страна на създаване/издаване Съединени американски щати
260 ## - Област на издателските данни
-- Пловдив
Име на издателя, разпространителя и проч. Хермес
Година на издаване 2000
300 ## - Физическа характеристика
Страници 128 с.
Размери/Мащаб 20 см
380 ## - Жанр
Жанр Худож. лит.
490 1# - СЕРИИ (Колекции)
Име на серия Галактически пратеници
№: серия 5
500 ## - Общи забележки
Забележка Ориг. загл. Rabid Transit / Jamie Simons, E. W. Scollon. - Офс. изд.
653 ## - Ключова дума – ненормативна
Ключова дума фантастика
653 ## - Ключова дума – ненормативна
Ключова дума романи
700 1# - Други автори (авторска отговорност)
Лично име Сколън, Е. У.
Автороска отговорност (Описва отношението между автора и произведението) съавт.
9 (RLIN) 120968
700 1# - Други автори (авторска отговорност)
Лично име Атанасов, Иван
Автороска отговорност (Описва отношението между автора и произведението) прев. от англ.
Друга информация Петков, Иван Атанасов
9 (RLIN) 365504
852 ## - Местоположение
Форматна сигнатура Цб 203134
856 4# - Електронен адрес и достъп
Електронен формат pdf - файл
Път до файла /url/
856 4# - Електронен адрес и достъп
Електронен формат pdf - файл
Път до файла /url/
942 ## - АРТИКУЛИ
Вид на библиотечния материал Книги
Скрит в OPAC Не
944 ## - СЪЗДАВАНЕ И РЕДАКЦИЯ на ЗАПИСА
Създаване/Редакция Създаване
Дата на регистрацията/редакция 15.01.2003
Служител, извършил регистрацията/редакцията AB_DOS
944 ## - СЪЗДАВАНЕ И РЕДАКЦИЯ на ЗАПИСА
Създаване/Редакция Редакция
Дата на регистрацията/редакция 17.03.2017
Служител, извършил регистрацията/редакцията Виолета_Тройчева
999 ## - СИСТЕМНИ КОНТРОЛНИ НОМЕРА
Koha biblionumber 27650
Koha biblioitemnumber 27650
Наличности
Код за отписване Код за изгубен артикул Източник на класификационната схема Код за повреда Коз за рестрикции Код за отдаване Артикулен № Име на библиотеката - собственик Име на библиотеката, в която се намира в момента Статус (Текущо местоположение) Дата на вписване в системата Местоположение - отдел Цена в лева Инвентарен номер Систематично азбучна сигнатура Баркод Номер на екземпляра Цена в евро Служебна бележка Служебен тип на артикула
Изтеглен Не е изгубен Universal Decimal Classification Не е повреден без рестрикции заемане за дома 44620 Регионална библиотека "Любен Каравелов" Русе Регионална библиотека "Любен Каравелов" Русе Детски отдел 2001-01-01 Детски отдел 2.50 652894 ДХ 820/899/С 13 652894 1 1.28 Дост: Pk Вид: Ф N: стар фонд Дата: 01.01.2000 Дата инв: 25.09.2015 Бележки инв: Д2015 Книги
  Не е изгубен Universal Decimal Classification Не е повреден без рестрикции ползва се в читалня 44621 Регионална библиотека "Любен Каравелов" Русе Регионална библиотека "Любен Каравелов" Русе Хранилище 2001-01-01 Хранилище 2.50 655425 Цб 203134 120000655425 2 1.28 Дост: Dp Вид: Д N: стар фонд Дата: 01.01.2000 Книги
Vip Innovations Ltd, Rousse, Bulgaria 2025